Gaming Quiz

Random Gaming or Clickable Quiz

Match the game to the protagonist Quiz Stats

 Plays Quiz not verified by Sporcle

Score 0/30 Timer 10:00
0 Plays Today
% Correct
Half-life
62.5%
Tomb Raider
62.5%
GTA 4
56.3%
Assassins creed
50%
Watch Dogs
43.8%
Metal Slug
37.5%
Perfect Dark
37.5%
Thief
37.5%
Ryse: Son of Rome
37.5%
Just Cause
37.5%
Horizon Zero Dawn
37.5%
Assassins creed: Black Flag
31.3%
Shadow of Mordor
31.3%
Slime Rancher
31.3%
Portal
31.3%
% Correct
Mass Effect
31.3%
Gears of War
31.3%
Red Dead Redemption
31.3%
Bioshock Infinite
31.3%
L.A. Noire
31.3%
Dishonored
25%
Mirror's Edge
25%
Bioshock
25%
Wolfenstein
25%
Sniper Elite
12.5%
Dying Light
12.5%
Oxenfree
12.5%
Red Faction
12.5%
Far Cry 3: Blood Dragon
12.5%
Outlast
6.3%

You're not logged in!

Compare scores with friends on all Sporcle quizzes.
OR
Log In

Sporcle TV

Today on Sporcle TV


Watch our educational content, quiz creation guides, and fun videos on Sporcle TV.

Show Comments

Extras

Created Sep 19, 2019ReportNominate
Tags:Clickable Quiz, protagonist

Top Quizzes Today


Score Distribution

Your Account Isn't Verified!

In order to create a playlist on Sporcle, you need to verify the email address you used during registration. Go to your Sporcle Settings to finish the process.

Report this User

Report this user for behavior that violates our Community Guidelines.

Details: